000
00307nam a2200133Ia 4500
008
150201s2006 xx 000 0 und d
082
_a
610
_b
M06P
100
_a
PANDA,UN
245
_a
MEDCINE PEARLS
250
_a
1ST
260
_b
AITBS
_a
DELHI
_c
2006
650
_a
MEDICINE AND DIAGNOSIS
942
_2
ddc
_c
BK
_0
4
999
_c
726
_d
726